000 01003nam a2200277Ia 4500
003 OSt
005 20221005103456.0
006 a|||||r|||| 00| 0
007 ta
008 221004b |||||||| |||| 00| 0 hin d
020 _a9789383150984 (pbk)
_cIndian Rupees 80
024 _a35517
037 _bGift, 31/01/2018,
_cTextual
040 _aCRL
_cCRL
_bhin
041 _2hin
_ahin
082 _aO152,1x, Q3
100 _aशर्मा, पद्मजा, ले.
245 0 _aहारूंगी तो नहींः कविता-संग्रह
246 _aHārūangī to nahīanah kavitā-sangraha
260 _aजयपुर
_bबोधि प्रकाशन भारत
_c2013
300 _a112पृ0
_ccm.
650 _a हिन्दी साहित्य
650 _aहिन्दी कविता
942 _hO152,1x, Q3
_cTEXL
_2cc
999 _c1010132
_d1010132